000 00287nam a22001337a 4500
008 170424b xxu||||| |||| 00| 0 eng d
020 _a9780697137968
041 _aeng
080 _a54
100 _a11
101 _aSHM
245 _aEXPLORING HEMISTRY
_cTYNER, K.L
942 _2udc
_cBK
999 _c11833
_d11833